| 000 | 01289nam a2200217Ia 4500 | ||
|---|---|---|---|
| 003 | Ost | ||
| 005 | 20260507075016.0 | ||
| 008 | 260507s9999||||xx |||||||||||||| ||und|| | ||
| 040 | _cfsecg | ||
| 041 | _aara | ||
| 082 | _a631 | ||
| 100 |
_aالديوهجي، أبي سعيد _eمؤلف |
||
| 245 | 0 |
_aإدارة الحقول : _bالمزارع / _c أبي سعيد الديوهجي |
|
| 260 |
_aعمان: _bدار الحامد, _c2002 |
||
| 300 |
_a133 صفحة؛ _bإيضاحات ؛ _c24 سم |
||
| 520 | _aالإعتبارات المتعلقة بالمحاصيل الزراعية-إختيار الأرض الزراعية-مبادئ تقرير كيفية الفلاحة ونوعية المحاصيل-المعالجات الزراعية والخزن والتسويق-شكل وتخطيط المزرعة-صغار الفلاحين والعمالة-العمالة وإدارتها في المزارع الكبيرة-الكفاءة في الزراعة-الإعتبارات المتعلقة بالمحاصيل النباتية-التمويل والحسابات المزرعية-نقاط مهمة في إدارة قطيع المواشي | ||
| 653 | _aالزراعة- اقتصاديات | ||
| 653 | _aالفلاحة | ||
| 653 | _aالمزارع-تنظيم و ادارة | ||
| 942 | _cكتاب | ||
| 999 |
_c42216 _d42216 |
||